Transformation and Fiscal Policy

Prechod ČR na trhovú ekonomiku. Hospodársky vývoj v r. 1990-1994. Výhľad na rok 1994. Privatizácia. Trh kapitálový. Bankový systém. Konvertibilita. Fiškálna politika. Daňová reforma.

Salvato in:
Dettagli Bibliografici
Natura: Capitolo di libro
Lingua:inglese
Soggetti:
Tags: Aggiungi Tag
Nessun Tag, puoi essere il primo ad aggiungerne!!

MARC

LEADER 00000naa a2200000 4500
001 r017142
005 20221205090258.8
041 0 |a eng 
044 |a CZ 
245 1 0 |a Transformation and Fiscal Policy 
520 |a Prechod ČR na trhovú ekonomiku. Hospodársky vývoj v r. 1990-1994. Výhľad na rok 1994. Privatizácia. Trh kapitálový. Bankový systém. Konvertibilita. Fiškálna politika. Daňová reforma. 
610 2 0 |a transformácia 
610 2 0 |a politika fiškálna 
610 2 0 |a Česko 
610 2 0 |a vývoj hospodársky 
610 2 0 |a 1990-1994 
610 2 0 |a ukazovatele ekonomické 
610 2 0 |a privatizácia 
610 2 0 |a trh kapitálový 
610 2 0 |a sústava banková 
610 2 0 |a konvertibilita 
610 2 0 |a reformy daňové